000 00613nam a2200229Ia 4500
003 OSt
005 20221006164842.0
006 a|||||r|||| 00| 0
007 ta
008 221006b |||||||| |||| 00| 0 eng d
024 _a134
037 _cTextual
040 _aFML
_cFML
_beng
041 _2eng
_aeng
082 _aY:1.5931, K2
100 _aBrion Maicel Au.
_9678490
245 0 _aDaily Lige In The Vienna Of Mozart And Schubert
260 _aNew York
_bMacmillen
_c1962
300 _a288
_ccm.
942 _hY:1.5931, K2
_cTEXL
_2CC
999 _c1118702
_d1118702